[Event "IECC Swiss-503.1"]
[Site "IECC email"]
[Date "2005.10.28"]
[Round "?"]
[White "Tyroll, Lisa"]
[Black "Bruce, Earle"]
[Result "0-1"]
[WhiteElo "1192"]
[BlackElo "1499"]
[PlyCount "46"]
[EventDate "2005.??.??"]
[EventType "swiss (corr)"]
[EventRounds "1"]
[SourceTitle "Corr 2008"]
[Source "ChessBase"]
[SourceDate "2008.06.24"]
[SourceVersion "1"]
[SourceVersionDate "2008.06.24"]
[SourceQuality "1"]

1. d4 Nf6 2. e3 g6 3. c4 Bg7 4. Nf3 0-0 5. Bd3 c5 6. 0-0 d6 7. b3 Nc6 8. Nc3 b6 9. Re1 e6 10. a3 Bb7 11. Bb2 Qd7 12. dxc5 bxc5 13. b4 cxb4 14. axb4 Nxb4 15. Bb1 Rfc8 16. Ra4 Na6 17. Ba3 Nc5 18. Re2 Nxa4 19. Nxa4 Rxc4 20. Nb2 Rc7 21. h3 Qc8 22. Bd3 Rc1 23. Re1 Rxd1 0-1